Adivina la Canción Chilena - Estadísticas

Estadísticas generales
  • Esta prueba ha sido intentada 41 veces
  • La puntuación promedio es 7 de 15
Estadísticas de respuestas
Artista Extracto Canción % Correcto
Mon Laferte «Ven y cuéntame la verdad, ten piedad y dime por qué» Tu Falta De Querer
92%
Los Prisioneros «Estás llorando y no haces nada por comprender a nadie, excepto a ti» Estrechez de Corazón
68%
FloyyMenorCris MJ «Déjate llevar y apaga el celular, que si estás conmigo no te va a pasar na'» Gata Only
66%
Los Tres «Gastaré toda mi vida en comprar la tuya, gastaré toda mi vida y más» Amor Violento
63%
Jaime Atria «Porque todo consigues, mi vida, con tus porfías» La Consentida
63%
Chico Trujillo «Y si al final lo que hay que vivir, lo que hay que soñar, hay que vivirlo» Loca
61%
Los Jaivas «¿Para qué vivir tan separados? Si la tierra nos quiere juntar» Todos Juntos
61%
Francisca Valenzuela «Yo siempre consigo lo que quiero, ese éxito lo tengo» Buen Soldado
50%
KiddVoodooResonancia Etérea «Cambias de forma a cada instante. Subes y bajas, y no te he podido encontrar» Confortas Pero Dañas
45%
Gondwana «Es que me enseñaste que el amor existe, ya no estoy triste, no estoy triste» Felicidad
32%
Cecilia «Las olas al chocar parecen murmurar la canción que nunca calla» Baño De Mar A Medianoche
29%
Makiza «A veces quisiera desaparecer del mapa, volver donde yo nací, pero no es tan papa» La Rosa De Los Vientos
29%
Violeta Parra «Se va enredando, enredando, como en el muro la hiedra» Volver a Los Diecisiete
29%
Los Ángeles Negros «No sufras más, quizás mañana nuestro llanto quede atrás» Y Volveré
21%
Inti-Illimani «¿Qué tienes tú, (¡Samba!), que no tenga yo?» Samba Lando
11%
No se encontraron pruebas coincidentes
Distribución de puntuación
Porcentaje de gente con cada puntuación
Porcentaje por número respondido
Historial de tus puntuaciones
No has intentado esta prueba.